|
|
|
|
| LEADER |
03342nam a22005055i 4500 |
| 001 |
978-3-642-28795-4 |
| 003 |
DE-He213 |
| 005 |
20151125151151.0 |
| 007 |
cr nn 008mamaa |
| 008 |
120302s2012 gw | s |||| 0|eng d |
| 020 |
|
|
|a 9783642287954
|9 978-3-642-28795-4
|
| 024 |
7 |
|
|a 10.1007/978-3-642-28795-4
|2 doi
|
| 040 |
|
|
|d GrThAP
|
| 050 |
|
4 |
|a Q342
|
| 072 |
|
7 |
|a UYQ
|2 bicssc
|
| 072 |
|
7 |
|a COM004000
|2 bisacsh
|
| 082 |
0 |
4 |
|a 006.3
|2 23
|
| 245 |
1 |
0 |
|a Trends in Practical Applications of Agents and Multiagent Systems
|h [electronic resource] :
|b 10th International Conference on Practical Applications of Agents and Multi-Agent Systems /
|c edited by Juan M. Corchado Rodríguez, Javier Bajo Pérez, Paulina Golinska, Sylvain Giroux, Rafael Corchuelo.
|
| 264 |
|
1 |
|a Berlin, Heidelberg :
|b Springer Berlin Heidelberg,
|c 2012.
|
| 300 |
|
|
|a XII, 168 p.
|b online resource.
|
| 336 |
|
|
|a text
|b txt
|2 rdacontent
|
| 337 |
|
|
|a computer
|b c
|2 rdamedia
|
| 338 |
|
|
|a online resource
|b cr
|2 rdacarrier
|
| 347 |
|
|
|a text file
|b PDF
|2 rda
|
| 490 |
1 |
|
|a Advances in Intelligent and Soft Computing,
|x 1867-5662 ;
|v 157
|
| 505 |
0 |
|
|a From the content: Applying Model-based Techniques to the Development of UIs for Agent Systems -- Virtual Agents in Next Generation Interactive Homes -- Accessing cloud services through BDI agents. Case study: An agent-based personal trainer to COPD patients -- Evaluating the n-Core Polaris Real-Time Locating System in an Indoor Environment -- Cyclic Scheduling for Supply Chain Network -- Improving Production in Small and Medium Enterprises -- Multiagent System for Detecting and Solving Design-time Conflicts in Civil Infrastructure.
|
| 520 |
|
|
|a PAAMS, the International Conference on Practical Applications of Agents and Multi-Agent Systems is an evolution of the International Workshop on Practical Applications of Agents and Multi-Agent Systems. PAAMS is an international yearly tribune to present, to discuss, and to disseminate the latest developments and the most important outcomes related to real-world applications. It provides a unique opportunity to bring multi-disciplinary experts, academics and practitioners together to exchange their experience in the development of Agents and Multi-Agent Systems. This volume presents the papers that have been accepted for the 2012 in the workshops: Workshop on Agents for Ambient Assisted Living, Workshop on Agent-Based Solutions for Manufacturing and Supply Chain and Workshop on Agents and Multi-agent systems for Enterprise Integration.
|
| 650 |
|
0 |
|a Engineering.
|
| 650 |
|
0 |
|a Artificial intelligence.
|
| 650 |
|
0 |
|a Computational intelligence.
|
| 650 |
1 |
4 |
|a Engineering.
|
| 650 |
2 |
4 |
|a Computational Intelligence.
|
| 650 |
2 |
4 |
|a Artificial Intelligence (incl. Robotics).
|
| 700 |
1 |
|
|a Rodríguez, Juan M. Corchado.
|e editor.
|
| 700 |
1 |
|
|a Pérez, Javier Bajo.
|e editor.
|
| 700 |
1 |
|
|a Golinska, Paulina.
|e editor.
|
| 700 |
1 |
|
|a Giroux, Sylvain.
|e editor.
|
| 700 |
1 |
|
|a Corchuelo, Rafael.
|e editor.
|
| 710 |
2 |
|
|a SpringerLink (Online service)
|
| 773 |
0 |
|
|t Springer eBooks
|
| 776 |
0 |
8 |
|i Printed edition:
|z 9783642287947
|
| 830 |
|
0 |
|a Advances in Intelligent and Soft Computing,
|x 1867-5662 ;
|v 157
|
| 856 |
4 |
0 |
|u http://dx.doi.org/10.1007/978-3-642-28795-4
|z Full Text via HEAL-Link
|
| 912 |
|
|
|a ZDB-2-ENG
|
| 950 |
|
|
|a Engineering (Springer-11647)
|